| 000 | 00377nam a22001457a 4500 | ||
|---|---|---|---|
| 082 |
_a532 _bBIN _cL-22, p-10 |
||
| 100 |
_aBinder, R.C _940078 |
||
| 245 |
_aAdvanced Mechanics _cBinder R.C |
||
| 250 | _a2nd | ||
| 260 |
_aNew Delhi _bPrentice Hall _c1964 |
||
| 300 |
_ax, 297, p. : _c27cm |
||
| 526 |
_a0 _b0 _c0 _d532_000000000000000_BIN |
||
| 650 |
_aMCE _9379 |
||
| 942 |
_2ddc _cBK |
||
| 999 |
_c544450 _d544450 |
||